All Kelly Clarkson Songs - Statistics

General Stats
  • This quiz has been taken 39 times
  • The average score is 81 of 226
Answer Stats
Answer % Correct
Breakaway Breakaway
91%
Stronger What Doesn't Kill You (Stronger)
84%
Thankful Miss Independent
81%
Breakaway Miss Independent (International Bonus Track)
81%
Breakaway Because Of You
78%
Reba: Duets Because Of You (Reba McEntire ft Kelly Clarkson)
78%
Breakaway Behind These Hazel Eyes
78%
Piece By Piece Piece By Piece
78%
Thankful Thankful
78%
Thankful A Moment Like This (New Mix) (Bonus Track)
75%
Chemistry Me
75%
Breakaway Since U Been Gone
75%
All I Ever Wanted All I Ever Wanted
69%
Single Go
69%
All I Ever Wanted My Life Would Suck Without You
69%
My December Never Again
66%
Wrapped In Red Wrapped In Red
66%
Breakaway Gone
63%
My December Haunted
63%
Breakaway Low (International Bonus Track)
63%
Meaning Of Life Meaning Of Life
63%
My December Sober
63%
Wrapped In Red Underneath The Tree
63%
Wrapped In Red White Christmas
63%
Breakaway Hear Me
59%
Piece By Piece Heartbeat Song
59%
Thankful Low
59%
Stronger Mr Know It All
59%
Breakaway Walk Away
59%
Breakaway Addicted
56%
All I Ever Wanted Already Gone
56%
Thankful Anytime
56%
Thankful Beautiful Disaster
56%
Breakaway Beautiful Disaster (Live)
56%
Wrapped In Red Blue Christmas
56%
Greatest Hits - Chapter One Catch My Breath
56%
Stronger Dark Side
56%
My December Irvine
56%
Wrapped In Red Run Run Rudolph
56%
Breakaway You Found Me
56%
All I Ever Wanted Cry
53%
My December Hole
53%
Thankful The Trouble With Love Is
53%
Meaning Of Life Whole Lotta Woman
53%
Thankful Before Your Love (New Mix) (Bonus Track)
50%
My December Be Still
50%
Chemistry Chemistry
50%
My December Don't Waste Your Time
50%
Stronger Einstein
50%
Stronger Honestly
50%
All I Ever Wanted I Do Not Hook Up
50%
Stronger I Forgive You
50%
My December Maybe
50%
Greatest Hits - Chapter One People Like Us
50%
Stronger The War Is Over
50%
Meaning Of Life A Minute (Intro)
47%
UglyDolls Broken & Beautiful
47%
Stronger Don't You Wanna Stay (ft Jason Aldean) (Deluxe Edition Bonus Track)
47%
Meaning Of Life Heat
47%
Breakaway I Hate Myself For Losing You
47%
Piece By Piece Invincible
47%
All I Ever Wanted I Want You
47%
My December Judas
47%
Thankful Just Missed The Train
47%
Meaning Of Life Love So Soft
47%
Meaning Of Life Medicine
47%
Piece By Piece Run Run Run (ft John Legend)
47%
Thankful Some Kind Of Miracle
47%
Thankful What's Up Lonely
47%
My December Yeah
47%
Thankful You Thought Wrong (ft Tamyra Gray)
47%
Still Working 9 To 5 9 To 5 (Dolly Parton ft Kelly Clarkson)
44%
My December Can I Have A Kiss
44%
My December Dirty Little Secret (iTunes Store Bonus Track)
44%
My December How I Feel
44%
All I Ever Wanted If No One Will Listen
44%
All I Ever Wanted Impossible
44%
Stronger Let Me Down
44%
All I Ever Wanted Long Shot
44%
My December One Minute
44%
All I Ever Wanted Ready
44%
When Christmas Comes Around... Santa Can't You Hear Me (ft Ariana Grande)
44%
All I Ever Wanted Save You
44%
Wrapped In Red Silent Night (ft Reba & Trisha Yearwood)
44%
Piece By Piece Someone
44%
Piece By Piece War Paint
44%
Breakaway Where Is Your Heart
44%
All I Ever Wanted Whyyawannabringmedown
44%
Stronger You Love Me
44%
Piece By Piece Dance With Me
41%
All I Ever Wanted Don't Let Me Stop You
41%
Meaning Of Life Go High
41%
All I Ever Wanted If I Can't Have You
41%
Wrapped In Red Just For Now
41%
Chemistry Mine
41%
When Christmas Comes Around... Santa Baby
41%
Piece By Piece Tightrope
41%
Meaning Of Life Would You Call That Love
41%
Wrapped In Red 4 Carats
38%
Wrapped In Red Baby, It's Cold Outside (ft Ronnie Dunn)
38%
A Legendary Christmas Baby It's Cold Outside (John Legend ft Kelly Clarkson)
38%
Stronger Breaking Your Own Heart
38%
Meaning Of Life Cruel
38%
Meaning Of Life Didn't I
38%
Greatest Hits - Chapter One Don't Rush (ft Vince Gill)
38%
My December Fading (Japanese Edition Bonus Track)
38%
Wrapped In Red Have Yourself A Merry Little Christmas
38%
Stronger Hello
38%
Piece By Piece Let Your Tears Fall
38%
Chemistry Lighthouse
38%
Wrapped In Red My Favorite Things
38%
Piece By Piece Nostalgic
38%
My December Not Today (iTunes Store Bonus Track)
38%
Piece By Piece Second Wind (Deluxe Edition Bonus Track)
38%
Meaning Of Life Slow Dance
38%
Stronger Standing In Front Of You
38%
Piece By Piece Take You High
38%
All I Ever Wanted Tip Of My Tongue (Deluxe Edition Bonus Track)
38%
Wrapped In Red Winter Dreams (Brandon's Song)
38%
Stronger You Can't Win
38%
My December Chivas (Hidden Track)
34%
Piece By Piece Good Goes The Bye
34%
Kellyoke Happier Than Ever
34%
Meaning Of Life I Don't Think About You
34%
Piece By Piece I Had A Dream
34%
Piece By Piece In The Blue (Deluxe Edition Bonus Track)
34%
Chemistry Red Flag Collector
34%
All I Ever Wanted The Day We Fell Apart (Deluxe Edition Bonus Track)
34%
Stronger The Sun Will Rise (ft Kara DioGuardi) (Deluxe Edition Bonus Track)
34%
Meaning Of Life Don't You Pretend
31%
Wrapped In Red Every Christmas
31%
Non-Album Single I Dare You
31%
iTunes Session I'll Be Home For Christmas
31%
When Christmas Comes Around... Jingle Bell Rock
31%
Meaning Of Life Move You
31%
Piece By Piece Bad Reputation (Deluxe Edition Bonus Track)
28%
When Christmas Comes Around... Glow (ft Chris Stapleton)
28%
Chemistry High Road
28%
Chemistry I Hate Love (ft Steve Martin)
28%
Wrapped In Red Please Come Home For Christmas (Bells Will Be Ringing)
28%
When Christmas Comes Around... Rockin' Around The Christmas Tree
28%
Single All I Want For Christmas Is You
25%
When Christmas Comes Around... All I Want For Christmas Is You (Bonus Track)
25%
Stronger Alone (Deluxe Edition Bonus Track)
25%
Kellyoke Blue Bayou
25%
All I Ever Wanted Can We Go Back (Japanese Bonus Track)
25%
Stronger Don't Be A Girl About It (Deluxe Edition Bonus Track)
25%
Chemistry Favorite Kind Of High
25%
When Christmas Comes Around... Last Christmas
25%
Chemistry Magic
25%
When Christmas Comes Around... Merry Christmas (To The One I Used To Know)
25%
The Greatest Showman: Reimagined Never Enough
25%
Chemistry Rock Hudson
25%
Chemistry Roses (Deluxe Edition Bonus Track)
25%
Single Tie It Up
25%
Stronger Why Don't You Try (iTunes & Japanese Bonus Track)
25%
When Christmas Comes Around... Blessed
22%
When Christmas Comes Around... Christmas Isn't Canceled (Just You)
22%
Chemistry Did You Know (Deluxe Edition Bonus Track)
22%
Chemistry Down To You
22%
Christmas Is Here! Grown Up Christmas List (Pentatonix ft Kelly Clarkson)
22%
When Christmas Comes Around... It's Beginning To Look A Lot Like Christmas
22%
The Hamilton Mixtape It's Quiet Uptown
22%
When Christmas Comes Around... Merry Christmas Baby
22%
Kellyoke Queen Of The Night
22%
Chemistry Skip This Part
22%
Chemistry That's Right (ft Sheila E)
22%
Justin Guarini Timeless (Justin Guarini ft Kelly Clarkson)
22%
When Christmas Comes Around... Under The Mistletoe (ft Brett Eldredge) (Bonus Track)
22%
Chemistry You Don't Make Me Cry (ft River Rose) (Deluxe Edition Bonus Track)
22%
Subject To Change You're Drunk, Go Home (Kelsea Ballerini ft Kelly Clarkson & Carly Pearce)
22%
Kellyoke Call Out My Name
19%
Bitter Sweet Love From The Jump (James Arthur ft Kelly Clarkson)
19%
Chemistry I Won't Give Up (Deluxe Edition Bonus Track)
19%
Wrapped In Red Oh Come, Oh Come Emmanuel (International Bonus Track)
19%
Ben Haenow Second Hand Heart (Ben Haenow ft Kelly Clarkson)
19%
When Christmas Comes Around... Sleigh Ride (Deluxe Edition Bonus Track)
19%
Kellyoke Trampoline
19%
When Christmas Comes Around... You For Christmas (Deluxe Edition Bonus Track)
19%
When Christmas Comes Around... Christmas Come Early
16%
When Christmas Comes Around... Christmas Eve (Bonus Track)
16%
Kellyoke Fake Plastic Trees
16%
Chemistry Goodbye (Deluxe Edition Bonus Track)
16%
The Voice: The Complete Season 18 Collection I Run To You (With Micah Iverson)
16%
Dan & Shay Keeping Score (Dan & Shay ft Kelly Clarkson)
16%
Swings Both Ways Little Green Apples (Robbie Williams ft Kelly Clarkson)
16%
Chemistry My Mistake
16%
PrizeFighter: Hit After Hit PrizeFighter (Trisha Yearwood ft Kelly Clarkson)
16%
American Idol: Greatest Moments Respect
16%
American Idol: Greatest Moments (You Make Me Feel Like) A Natural Woman
16%
Thankful (You Make Me Feel Like) A Natural Woman (Japanese Bonus Track)
16%
Stages All I Ask Of You (Josh Groban ft Kelly Clarkson)
13%
Trolls World Tour: Original Motion Picture Soundtrack Born To Die
13%
UglyDolls Couldn't Be Better
13%
Single DJ Play A Christmas Song (Remix) (Cher ft Kelly Clarkson)
13%
Single I've Loved You Since Forever (Hoba Kotb & Kelly Clarkson)
13%
Trolls World Tour: Original Motion Picture Soundtrack Just Sing
13%
American Idol: Great Holiday Classics My Grown Up Christmas List
13%
American Idol: Great Holiday Classics | Home For The Holidays Oh Holy Night
13%
UglyDolls Unbreakable (Janelle Monae & Kelly Clarkson)
13%
The Voice: The Complete Season 20 Collection When You Say Nothing At All (With Kenzie Wheeler)
13%
The Voice: The Complete Season 14 Collection Don't Dream It's Over (With Brynn Cartelli)
9%
Life Is A Highway: Refueled Duets I'm Movin' On (Rascal Flatts ft Kelly Clarkson)
9%
Every Girl Tell Me Something I Don't Know (Trisha Yearwood ft Kelly Clarkson)
9%
Cheers, It's Christmas There's A New Kid In Town (Blake Shelton ft Kelly Clarkson)
9%
UglyDolls Today's The Day
9%
UglyDolls All Dolled Up (Janelle Monae ft Kelly Clarkson)
6%
Greatest Hits Foolish Games (Jewel ft Kelly Clarkson)
6%
Pepsi Anthems Get Up (A Cowboys Anthem)
6%
River Rose And The Magical Lullaby River Rose's Magical Lullaby
6%
The Voice: The Complete Season 15 Collection Rockin' With The Rhythm Of The Rain (With Chevel Shepherd)
6%
Sing It Now: Songs Of Faith & Hope Softly And Tenderly (Reba McEntire ft Kelly Clarkson & Trisha Yearwood)
6%
Merry Christmas (Welcome To The Family) Sweet December (Brett Eldredge ft Kelly Clarkson)
6%
Idol Gives Back Up To The Mountain (Kelly Clarkson ft Jeff Beck)
6%
The Voice: The Complete Season 17 Collection Wintersong (With Jake Hoot)
6%
Home For The Holidays Christmas Is A Feeling
3%
Plays Well With Others Don't Fence Me In (Jeff Goldblum & The Mildred Snitzer Orchestra ft Kelly Clarkson)
3%
Take Two If I Were You (Terri Clark ft Kelly Clarkson)
3%
Everlasting In The Basement (Martina McBride ft Kelly Clarkson)
3%
Love Out Of Time I Would've Loved You (Jake Hoot ft Kelly Clarkson)
3%
The Shack: Music From And Inspired By The Original Motion Picture Love Goes On (Aloe Blacc ft Kelly Clarkson)
3%
Hearts On Parade Trying To Help You Out (Ashley Arrison ft Kelly Clarkson)
3%
Single I Dream In Southern (Kaleb Lee ft Kelly Clarkson)
0%
Love Somebody Pray For Peace (Reba McEntire ft Kelly Clarkson)
0%
Single This Is For My Girls
0%
No matching quizzes found
Score Distribution
Percent of People with Each Score
Percentile by Number Answered
Your Score History
You have not taken this quiz